| 000 | 00553nam a22001817a 4500 | ||
|---|---|---|---|
| 999 |
_c18111 _d18111 |
||
| 008 | 191205b xxu||||| |||| 00| 0 eng d | ||
| 020 | _a1842054066 | ||
| 040 |
_aKABU _cKABU |
||
| 050 |
_aPZ7 _b.T83 2004 c. 1 |
||
| 100 | _aTwain, Mark | ||
| 245 |
_aThe adventures of Tom Sawyer _cMark Twain |
||
| 260 |
_aScotland _bGeddes & Grosset _c2004 |
||
| 300 | _a190 p. | ||
| 650 |
_aSawyer, Tom (Fictitious character) _xJuvenile fiction |
||
| 650 |
_aBoys _xJuvenile fiction _zMissouri |
||
| 650 |
_aMississippi River _xFiction |
||
| 942 |
_2lcc _cBK _hPZ7 |
||